Nuevas perspectivas en radio / (Record no. 148209)

MARC details
000 -LEADER
campo de control de longitud fija 00513nam a2200169 4500
001 - NÚMERO DE CONTROL
campo de control 148209
003 - IDENTIFICADOR DE NÚMERO DE CONTROL
campo de control ES-MaACL
005 - FECHA Y HORA DE LA ÚLTIMA TRANSACCIÓN
campo de control 20230906202508.0
007 - CAMPO FIJO DE DESCRIPCIÓN FÍSICA--INFORMACIÓN GENERAL
campo de control de longitud fija t|
008 - DATOS DE LONGITUD FIJA--INFORMACIÓN GENERAL
campo de control de longitud fija 070214s1935 mx r ||||1| spa d
100 1# - ENTRADA PRINCIPAL--NOMBRE DE PERSONA
Nombre de persona Stokowski, Leopold.
9 (RLIN) 108281
245 10 - MENCIÓN DEL TÍTULO
Título Nuevas perspectivas en radio /
Mención de responsabilidad, etc. Leopold Stokowski ; traducción de Carlos Chávez.
260 ## - PUBLICACIÓN, DISTRIBUCIÓN, ETC.
Lugar de publicación, distribución, etc. México :
Nombre del editor, distribuidor, etc. [s. n.],
Fecha de publicación, distribución, etc. 1935 (
Fabricante Tall. `La Nación`)
300 ## - DESCRIPCIÓN FÍSICA
Extensión 31 p. ;
Dimensiones 24 cm.
700 1# - ENTRADA AGREGADA--NOMBRE PERSONAL
Nombre de persona Chávez, Carlos.
9 (RLIN) 38278
852 ## - LOCALIZACIÓN
Ubicación ES-MaACL
Número de control de estantería 1817-F-3
Holdings
Estatus retirado Estado de pérdida Estado de daño No para préstamo Colección Biblioteca de origen Biblioteca actual Ubicación en estantería Fecha de adquisición Fuente de adquisición Total de préstamos Signatura topográfica completa Código de barras Visto por última vez Precio de reemplazo Tipo de ítem Koha
        Colección de folletos Biblioteca del Ateneo de Madrid Biblioteca del Ateneo de Madrid Depósito folletos 17/01/2008     1817-F-3 1154671 23/02/2023 23/02/2023 Folleto